| 000 | 00421nam a22001697a 4500 | ||
|---|---|---|---|
| 999 |
_c11498 _d11498 |
||
| 003 | OSt | ||
| 008 | 220831b ||||| |||| 00| 0 eng d | ||
| 020 | _a9789389292060 | ||
| 082 | _a338.91 RAI | ||
| 100 | _aRANA, K.C. & VERMA, K.N. | ||
| 245 | _aInternational Economics | ||
| 250 | _aReprint | ||
| 260 |
_aJalandhar _bVishal Publishing Company _c2022 |
||
| 300 | _a602 p. | ||
| 650 | _aEconomics | ||
| 942 |
_2ddc _cBK _02 |
||